| Tag |
First Indicator |
Second Indicator |
Subfields |
| LEADER |
00000cam a2200000 a 4500 |
| 001 |
in00002811490 |
| 005 |
20151203083932.0 |
| 008 |
110825s2012 nyua 000 0 eng |
| 010 |
|
|
|a 2011032506
|
| 019 |
|
|
|a 775811041
|
| 020 |
|
|
|a 9780375864599 (hbk.)
|
| 020 |
|
|
|a 0375864598 (hbk.)
|
| 020 |
|
|
|a 9780375964596 (lib. bdg.)
|
| 020 |
|
|
|a 0375964592 (lib. bdg.)
|
| 020 |
|
|
|z 9780375987335 (ebook)
|
| 020 |
|
|
|z 0375987339 (ebook)
|
| 020 |
|
|
|a 9780375857911 (trade pbk.)
|
| 020 |
|
|
|a 0375857915 (trade pbk.)
|
| 029 |
1 |
|
|a NZ1
|b 13947648
|
| 029 |
1 |
|
|a AU@
|b 000047661306
|
| 035 |
|
|
|a (OCoLC)ocn726819566
|
| 035 |
|
|
|a (OCoLC)726819566
|
| 040 |
|
|
|a DLC
|b eng
|c DLC
|d IG#
|d BTCTA
|d PNX
|d BDX
|d IK2
|d EHH
|d YDXCP
|d UIU
|d MLY
|d CTN
|d UtOrBLW
|
| 042 |
|
|
|a lcac
|
| 049 |
|
|
|a TXAM
|
| 050 |
0 |
0 |
|a PS3619.K58
|b O88 2012
|
| 082 |
0 |
0 |
|a 811/.6
|2 23
|
| 100 |
1 |
|
|a Sklansky, Amy E.
|
| 245 |
1 |
0 |
|a Out of this world :
|b poems and facts about space /
|c by Amy E. Sklansky ; illustrated by Stacey Schuett.
|
| 264 |
|
1 |
|a New York :
|b Alfred A. Knopf,
|c [2012]
|
| 264 |
|
4 |
|c ©2012
|
| 300 |
|
|
|a 1 volume (unpaged) :
|b color illustrations ;
|c 22 x 27 cm.
|
| 336 |
|
|
|a text
|b txt
|2 rdacontent
|
| 337 |
|
|
|a unmediated
|b n
|2 rdamedia
|
| 338 |
|
|
|a volume
|b nc
|2 rdacarrier
|
| 520 |
|
|
|a Offers lyrically presented facts about space and with perspective illustrations and additional explanations in the margins.
|
| 586 |
|
|
|a National Science Teachers Association's Outstanding Science Trade Book 2013.
|
| 650 |
|
0 |
|a Picture books for children.
|
| 651 |
|
0 |
|a Outer space
|v Juvenile poetry.
|
| 651 |
|
0 |
|a Outer space
|v Juvenile literature.
|
| 651 |
|
1 |
|a Outer space
|v Poetry.
|
| 651 |
|
1 |
|a Outer space.
|
| 651 |
|
7 |
|a Outer space
|v Poetry.
|2 sears
|
| 700 |
1 |
|
|a Schuett, Stacey,
|e illustrator.
|
| 938 |
|
|
|a Ingram
|b INGR
|n 9780375864599
|
| 938 |
|
|
|a Baker and Taylor
|b BTCP
|n BK0009835686
|
| 938 |
|
|
|a Brodart
|b BROD
|n 12101451
|c $20.99
|
| 938 |
|
|
|a YBP Library Services
|b YANK
|n 8588786
|
| 947 |
|
|
|a A14835928882
|
| 945 |
|
|
|a PromptCat
|b 203630
|
| 946 |
|
|
|a curr
|
| 994 |
|
|
|a 92
|b TXA
|
| 948 |
|
|
|a Cataloged
|b h
|c 2013/2/15
|d c
|e EGrant
|
| 999 |
|
|
|a MARS
|
| 999 |
f |
f |
|s 0a5efda0-4277-334b-88ac-6eb9e1b3ff94
|i 608927a1-8035-3120-a16d-63db5d041acc
|t 0
|
| 952 |
f |
f |
|p normal
|a Texas A&M University
|b College Station
|c Sterling C. Evans Library
|d Evans: Curriculum Collection (4th floor)
|t 0
|e PS3619.K58 O88 2012
|h Library of Congress classification
|i unmediated -- volume
|m A14835928882
|
| 998 |
f |
f |
|a PS3619.K58 O88 2012
|t 0
|l Evans: Curriculum Collection (4th floor)
|